Market structure and the production - location decision.

Variačné prístupy k skúmaniu vplyvu trhovej štruktúry na optimálnu alokáciu a úroveň výroby firiem v nedokonale konkurenčnom odvetví vo weberiánskom rámci. Popis súboru predpokladov a konjunkturálnych variácií. Skúmanie účinku trhovej štruktúry na optimálnu alokáciu a úžitie vstupov a výstupov firie...

Descrizione completa

Salvato in:
Dettagli Bibliografici
Autore principale: Hwang, H.
Altri autori: Mai, Ch
Natura: Capitolo di libro
Lingua:inglese
Soggetti:
Tags: Aggiungi Tag
Nessun Tag, puoi essere il primo ad aggiungerne!!

MARC

LEADER 00000naa a2200000 4500
001 r004083
005 20220819194246.8
041 0 |a eng 
044 |a NL 
245 1 0 |a Market structure and the production - location decision.  |c H. Hwang, Ch. Mai 
520 |a Variačné prístupy k skúmaniu vplyvu trhovej štruktúry na optimálnu alokáciu a úroveň výroby firiem v nedokonale konkurenčnom odvetví vo weberiánskom rámci. Popis súboru predpokladov a konjunkturálnych variácií. Skúmanie účinku trhovej štruktúry na optimálnu alokáciu a úžitie vstupov a výstupov firiem. 
610 2 0 |a trh 
610 2 0 |a firmy 
610 2 0 |a konjunktúra 
610 2 0 |a alokácia faktorov výrobných 
100 1 |a Hwang, H. 
700 1 |a Mai, Ch.